000 00981cab a2200313 4500
001 ABS45835
008 090401t1992 xxu||||| |||| 00| 0 eng d
035 _a(Sirsi) u55335
041 _aeng
100 _aDerbyshire B.,
245 _aTenant participation: talking it over
260 _c1992
350 _a0
490 _aArchitects` Journal
_v195(5) 5 February 1992, 46-48(3)
520 _aDescribes the social survey employed prior to refurbishment of two residential tower blocks, and the resulting scheme of `decanting` tenants around the flats whilst building work was executed.
650 _aCONSULTATION
650 _aCOUNCIL HOUSING
650 _aHUNT THOMPSON ASSOCIATES
650 _aMARKET RESEARCH
650 _aQUESTIONNAIRE
650 _aTENANT CONSULTATION
650 _aTENANTS CHOICE
650 _aTENANTS IN-SITU
650 _aTOWER BLOCKS
690 _aRefurbishment
_96264
690 _aHOUSING
942 _n0
948 _c04/03/1997
999 _c33798
_d33798